|
|
|
|
| LEADER |
00772cam a2200229 7i4500 |
| 001 |
0000025142 |
| 005 |
20170218090000.0 |
| 008 |
090119 eng |
| 020 |
|
|
|a 9780205547210 (pbk.)
|
| 020 |
|
|
|a 0205547210 (pbk.)
|
| 040 |
|
|
|a DLC
|
| 090 |
0 |
0 |
|a HM736
|b .B44 2009
|
| 100 |
1 |
|
|a Beebe, Steven A
|
| 245 |
1 |
0 |
|a Communicating small group :
|b principles and practices
|c Steven A. Beebe, John T. Masterson.
|
| 250 |
|
|
|a 9th ed.
|
| 260 |
|
|
|a Boston:
|b A&B Pearson,
|c 2009.
|
| 300 |
|
|
|a Includes bibliographical references and index..
|
| 650 |
0 |
0 |
|a Small groups
|
| 650 |
0 |
0 |
|a Group relations training
|
| 650 |
0 |
0 |
|a Communication in small groups
|
| 997 |
|
|
|a Business & Accountancy, Faculty
|
| 999 |
|
|
|a 0000032633
|b BOK
|c OPEN SHELF
|e 1st Floor, Bestari Jaya
|